000
00353nam a22001457a 4500
008
230228b |||||||| |||| 00| 0 eng d
020
_a
978-1-849-41428-9
082
_a
813.54
100
_a
Gayle Forman
245
_a
Where she went
260
_b
Definitions,
_c
2012
300
_a
260 p.
_c
20cm
942
_2
ddc
999
_c
9377
_d
9378